[Event "Deutsche Ländermeisterschaft 2013"]
[Site "Hannover GER"]
[Date "2013.10.04"]
[Round "5"]
[White "Schirra, Maurice"]
[Black "Schamber, Dennis"]
[Result "1/2-1/2"]
[Termination "normal"]
[Board "9.6"]
[WhiteTitle "12"]
[BlackTitle "12"]
[WhiteElo "1662"]
[BlackElo "1544"]
[WhiteTeam "Hessen"]
[BlackTeam "Mecklenburg-Vorpommern"]
[WhiteFideId "12941115"]
[BlackFideId "12952176"]
[EventCountry "GER"]
[EventRounds "7"]
[EventType "team-swiss"]
[EventDate "2013.10.02"]

1. e4 c5 2. Nc3 d6 3. Bb5+ Bd7 4. Bxd7+ Qxd7 5. f4 g6 6. Nf3 Bg7 7. d3 e6 8.
O-O Ne7 9. Nh4 f5 10. Nf3 O-O 11. Ne2 Nbc6 12. c3 a6 13. a4 d5 14. e5 b5 15. d4
c4 16. Be3 Na5 17. Nd2 Nac6 18. Qc2 b4 19. Rfb1 b3 20. Qd1 a5 21. Qe1 Kh8 22.
Qf2 Nc8 23. Rd1 Nb6 24. Nb1 Ne7 25. Ng3 Nxa4 26. Bc1 Nb6 27. Nf1 Ng8 28. Nfd2
Nh6 29. h3 Qe7 30. Nf3 a4 31. Na3 Qe8 32. Kh1 Qd7 33. Rf1 Rfe8 34. Rg1 Ra7 35.
Re1 Nf7 36. Re2 Bf8 37. Nd2 Be7 38. Nf3 Rg8 39. Ng5 Bxg5 40. fxg5 Nd8 41. g3
Na8 42. Bf4 Nc7 43. Ree1 $11 Ne8 44. h4 Ng7 45. Kg2 Nh5 46. Kf3 Rf8 47. Ke3 Nc6
48. Rh1 Nb8 49. Qf3 Na6 50. Rhf1 $11 Nc7 51. Qf2 Nb5 52. Rfb1 Nxa3 53. bxa3 Rb7
54. Rb2 Ng7 55. Kf3 Ne8 56. Bc1 Nc7 57. Re2 Nb5 58. Bb2 Qg7 59. Kf4 Kg8 60. Qf3
Kf7 61. Rf2 Ke8 62. Ke3 Rh8 63. Rh2 Qf8 64. Qf4 Kd7 65. Rhh1 Kc6 66. Rh2 $11
Qg7 67. Rah1 Rbb8 68. Kf3 h6 69. Qd2 hxg5 70. hxg5 Rxh2 71. Rxh2 Rh8 72. Kf4
Rxh2 73. Qxh2 Qe7 74. Qh8 Nxa3 1/2-1/2

[Event "Deutsche Ländermeisterschaft 2013"]
[Site "Hannover GER"]
[Date "2013.10.04"]
[Round "5"]
[White "Wagner, Swenja"]
[Black "Schneider, Sabrina"]
[Result "1/2-1/2"]
[Termination "normal"]
[Board "9.7"]
[WhiteTitle "16w"]
[BlackTitle "16w"]
[WhiteElo "1376"]
[BlackElo "1638"]
[WhiteTeam "Mecklenburg-Vorpommern"]
[BlackTeam "Hessen"]
[WhiteFideId "12900494"]
[BlackFideId "12951986"]
[EventCountry "GER"]
[EventRounds "7"]
[EventType "team-swiss"]
[EventDate "2013.10.02"]

1. e4 e5 2. Nc3 Nf6 3. Bc4 Nxe4 4. Qh5 Nd6 5. Bb3 Be7 6. Qxe5 O-O 7. Nf3 Nc6 8.
Qe2 Bf6 9. O-O Re8 10. Qd1 Nf5 11. d3 d6 12. Be3 Be6 13. Ba4 a6 14. d4 d5 15.
Qd2 b5 16. Bb3 Nce7 17. Ne2 Ng6 18. c3 Nxe3 19. fxe3 Qe7 20. Rae1 Rad8 21. Nf4
Bg5 22. Nxg6 hxg6 23. Ne5 Qd6 24. Qf2 Bf6 25. Nf3 Bf5 26. Bc2 Be4 27. Bxe4 Rxe4
28. Nd2 Re6 29. e4 dxe4 30. Nxe4 Qe7 31. Nxf6+ Qxf6 32. Qxf6 Rxf6 33. Rxf6 gxf6
34. Re7 Rc8 1/2-1/2